Top 10 Best-Selling Soft Drinks Globally - Statistics

General Stats
  • This quiz has been taken 58 times
  • The average score is 6 of 10
Answer Stats
Answer % Correct
Coca-Cola
98%
Pepsi
94%
Fanta
88%
Sprite
86%
Dr Pepper
67%
7UP
53%
Mountain Dew
45%
Redbull
24%
Schweppes
10%
Monster Energy
4%
No matching quizzes found
Score Distribution
Percent of People with Each Score
Percentile by Number Answered
Your Score History
You have not taken this quiz